[Event "Alberta-ch U20 op"]
[Site "Calgary CAN"]
[Date "2013.11.09"]
[Round "3.3"]
[White "Zhao, Ian"]
[Black "Mah, Sean"]
[Result "1-0"]
[WhiteElo "1294"]
[BlackElo "1514"]
[PlyCount "93"]
[GameId "2160767909216581"]
[EventDate "2013.11.09"]
[EventType "swiss"]
[EventRounds "5"]
[EventCountry "CAN"]
[SourceTitle "EXT 2022"]
[Source "ChessBase"]
[SourceDate "2021.10.06"]
[SourceVersion "1"]
[SourceVersionDate "2021.10.06"]
[SourceQuality "1"]

1. e4 e5 2. Nf3 Nc6 3. Nc3 Nf6 4. d3 Bc5 5. Nxe5 Nxe5 6. d4 Bxd4 7. Qxd4 d6 8. Bf4 c5 9. Qd2 O-O 10. O-O-O Bg4 11. Be2 Bxe2 12. Qxe2 Qb6 13. Bxe5 dxe5 14. Nd5 Nxd5 15. Rxd5 f6 16. Qc4 Qb4 17. Rxc5+ Qxc4 18. Rxc4 Rfd8 19. Rd1 a5 20. Rc7 b5 21. Rd5 Rxd5 22. exd5 Rd8 23. Rc5 Rb8 24. Kd2 Kf7 25. Ke3 Ke7 26. Ke4 Rb6 27. Rc7+ Kf8 28. Rc6 Rxc6 29. dxc6 Ke7 30. Kd5 e4 31. Kxe4 Kd6 32. Kd4 Kxc6 33. c4 b4 34. c5 g5 35. g4 h6 36. f3 a4 37. b3 axb3 38. axb3 Kd7 39. Kd5 Kc7 40. c6 Kc8 41. Kd6 Kd8 42. c7+ Kc8 43. Kc6 f5 44. gxf5 g4 45. f6 gxf3 46. f7 f2 47. f8=R# 1-0

[Event "Alberta-ch U20 op"]
[Site "Calgary CAN"]
[Date "2013.11.09"]
[Round "3.4"]
[White "Koneru, Nimai"]
[Black "Li, Zeling"]
[Result "1/2-1/2"]
[WhiteElo "1247"]
[BlackElo "1220"]
[PlyCount "101"]
[GameId "2160767909216582"]
[EventDate "2013.11.09"]
[EventType "swiss"]
[EventRounds "5"]
[EventCountry "CAN"]
[SourceTitle "EXT 2022"]
[Source "ChessBase"]
[SourceDate "2021.10.06"]
[SourceVersion "1"]
[SourceVersionDate "2021.10.06"]
[SourceQuality "1"]

1. Nf3 Nc6 2. d4 d5 3. Bf4 Bf5 4. e3 e6 5. Bd3 Be4 6. Nbd2 Nf6 7. O-O Bb4 8. c3 Bxd3 9. cxb4 Bxf1 10. Qxf1 O-O 11. b5 Ne7 12. Rc1 c6 13. a4 Qa5 14. bxc6 Nxc6 15. Qb5 Qxb5 16. axb5 Na5 17. Rc7 Rac8 18. b3 Nh5 19. Bd6 Rfd8 20. Rxc8 Rxc8 21. Bb4 b6 22. g4 Nf6 23. Ne5 Ne4 24. Bxa5 bxa5 25. Nc6 Nxd2 26. Ne7+ Kh8 27. Nxc8 Nxb3 28. Nxa7 a4 29. b6 Na5 30. Nb5 Kg8 31. Kf1 Kf8 32. Ke2 Ke8 33. Kd3 Kd7 34. Kc3 Kc6 35. Kb4 Kxb6 36. Kxa4 Nc4 37. Nc3 f6 38. h4 f5 39. f3 fxg4 40. fxg4 Nxe3 41. g5 Ng2 42. h5 Nf4 43. h6 gxh6 44. gxh6 Ng2 45. Ne2 Nh4 46. Nf4 Nf5 47. Nxe6 Nxh6 48. Nf8 Nf5 49. Nxh7 Nxd4 50. Nf6 Kc5 51. Nxd5 1/2-1/2

[Event "Alberta-ch U20 op"]
[Site "Calgary CAN"]
[Date "2013.11.10"]
[Round "4.1"]
[White "Tolentino, Andre Angelo"]
[Black "Wu, Chenxi"]
[Result "1-0"]
[WhiteElo "1486"]
[BlackElo "1741"]
[PlyCount "103"]
[GameId "2160767909216583"]
[EventDate "2013.11.09"]
[EventType "swiss"]
[EventRounds "5"]
[EventCountry "CAN"]
[SourceTitle "EXT 2022"]
[Source "ChessBase"]
[SourceDate "2021.10.06"]
[SourceVersion "1"]
[SourceVersionDate "2021.10.06"]
[SourceQuality "1"]

1. d4 Nf6 2. Nf3 g6 3. Bg5 Bg7 4. Nbd2 d5 5. b4 Ne4 6. e3 Bg4 7. Qc1 Nxg5 8. Nxg5 e5 9. Ngf3 exd4 10. exd4 Qe7+ 11. Be2 Bxf3 12. Nxf3 Qxb4+ 13. c3 Qe7 14. Qb2 c5 15. Qb5+ Nc6 16. Rb1 Rb8 17. Qxc6+ bxc6 18. Rxb8+ Kd7 19. Rb7+ Ke6 20. Rxe7+ Kxe7 21. O-O cxd4 22. cxd4 Rb8 23. Bd3 Rb4 24. Rb1 Rb6 25. a4 Kd6 26. a5 Rxb1+ 27. Bxb1 c5 28. dxc5+ Kxc5 29. Bd3 f5 30. Kf1 h6 31. Ke2 f4 32. Bxg6 Kb5 33. Bf7 Kxa5 34. Bxd5 Kb4 35. Kd3 a5 36. Ke4 a4 37. Kxf4 Kc3 38. Nh4 Bf6 39. Nf5 Bg5+ 40. Kg4 Kd3 41. f4 Bxf4 42. Kxf4 a3 43. Nxh6 Kd4 44. Bf7 Kc5 45. g4 Kd6 46. g5 Ke7 47. g6 Kf6 48. Ng4+ Kg7 49. Kg5 Kh8 50. Kf6 a2 51. g7+ Kh7 52. g8=Q# 1-0

[Event "Alberta-ch U20 op"]
[Site "Calgary CAN"]
[Date "2013.11.10"]
[Round "4.2"]
[White "Bulga, Tamir"]
[Black "Zhao, Ian"]
[Result "1/2-1/2"]
[WhiteElo "1598"]
[BlackElo "1294"]
[PlyCount "44"]
[GameId "2160767909216584"]
[EventDate "2013.11.09"]
[EventType "swiss"]
[EventRounds "5"]
[EventCountry "CAN"]
[SourceTitle "EXT 2022"]
[Source "ChessBase"]
[SourceDate "2021.10.06"]
[SourceVersion "1"]
[SourceVersionDate "2021.10.06"]
[SourceQuality "1"]

1. e4 e5 2. Nf3 Nc6 3. Bc4 Nf6 4. d3 Be7 5. c3 d6 6. h3 a6 7. O-O O-O 8. Re1 h6 9. Nh4 Nxe4 10. Ng6 Nxf2 11. Kxf2 d5 12. Nxe7+ Nxe7 13. Bb3 Ng6 14. Nd2 Bxh3 15. gxh3 Qh4+ 16. Kg1 Qg3+ 17. Kf1 Qxh3+ 18. Kf2 Qh2+ 19. Kf1 Qh3+ 20. Ke2 Nf4+ 21. Kf2 Nxd3+ 22. Ke2 Nf4+ 1/2-1/2

[Event "Alberta-ch U20 op"]
[Site "Calgary CAN"]
[Date "2013.11.10"]
[Round "4.3"]
[White "Wang, Jeff"]
[Black "Li, Zeling"]
[Result "1-0"]
[WhiteElo "1470"]
[BlackElo "1220"]
[PlyCount "71"]
[GameId "2160767909216585"]
[EventDate "2013.11.09"]
[EventType "swiss"]
[EventRounds "5"]
[EventCountry "CAN"]
[SourceTitle "EXT 2022"]
[Source "ChessBase"]
[SourceDate "2021.10.06"]
[SourceVersion "1"]
[SourceVersionDate "2021.10.06"]
[SourceQuality "1"]

1. c4 e5 2. g3 Nc6 3. Bg2 Nf6 4. Nc3 Bb4 5. Nf3 d5 6. cxd5 Nxd5 7. Nxd5 Qxd5 8. a3 Ba5 9. b4 Bb6 10. O-O e4 11. Ne1 O-O 12. d3 Bd4 13. Bxe4 Qd6 14. Bf4 Qd8 15. Rc1 Re8 16. Bxc6 bxc6 17. Rxc6 Be5 18. Bxe5 Rxe5 19. Qc2 Bg4 20. f3 Qd4+ 21. Kg2 Rae8 22. e4 Bc8 23. Rxc7 Be6 24. Qc3 Qd6 25. Rc6 Qb8 26. f4 Rh5 27. f5 Bc8 28. Rc7 g6 29. Qc4 Rf8 30. g4 Rh6 31. h3 gxf5 32. gxf5 Ba6 33. Qc1 Rd6 34. Rf3 h6 35. Rg3+ Kh7 36. Qc3 1-0

[Event "Alberta-ch U20 op"]
[Site "Calgary CAN"]
[Date "2013.11.10"]
[Round "4.4"]
[White "Mah, Sean"]
[Black "Buan, Jazer"]
[Result "1-0"]
[WhiteElo "1514"]
[BlackElo "1363"]
[PlyCount "59"]
[GameId "2160767909216586"]
[EventDate "2013.11.09"]
[EventType "swiss"]
[EventRounds "5"]
[EventCountry "CAN"]
[SourceTitle "EXT 2022"]
[Source "ChessBase"]
[SourceDate "2021.10.06"]
[SourceVersion "1"]
[SourceVersionDate "2021.10.06"]
[SourceQuality "1"]

1. e4 e5 2. Nf3 Nc6 3. Bb5 d6 4. c3 Bd7 5. Bc4 Nf6 6. d3 Be6 7. Nbd2 Na5 8. b3 c6 9. Bxe6 fxe6 10. b4 Nd7 11. bxa5 Qxa5 12. Bb2 d5 13. Nb3 Qb5 14. O-O Bd6 15. Ng5 Nf8 16. Nh3 h6 17. f4 exf4 18. Nxf4 dxe4 19. dxe4 Bxf4 20. Rxf4 Ng6 21. Rf1 Qg5 22. Qf3 O-O-O 23. Nd4 Rhf8 24. Qg3 Qxg3 25. hxg3 Rxf1+ 26. Rxf1 Re8 27. Rf7 e5 28. Nf5 Rd8 29. Rxg7 Nh8 30. Ba3 1-0

[Event "Alberta-ch U20 op"]
[Site "Calgary CAN"]
[Date "2013.11.10"]
[Round "5.2"]
[White "Wang, Jeff"]
[Black "Bulga, Tamir"]
[Result "0-1"]
[WhiteElo "1470"]
[BlackElo "1598"]
[PlyCount "48"]
[GameId "2160767909216588"]
[EventDate "2013.11.09"]
[EventType "swiss"]
[EventRounds "5"]
[EventCountry "CAN"]
[SourceTitle "EXT 2022"]
[Source "ChessBase"]
[SourceDate "2021.10.06"]
[SourceVersion "1"]
[SourceVersionDate "2021.10.06"]
[SourceQuality "1"]

1. c4 Nf6 2. Nc3 e6 3. d4 d5 4. Bg5 Nbd7 5. cxd5 exd5 6. e3 c6 7. Qc2 Qa5 8. Bd3 Bd6 9. Nf3 O-O 10. O-O Re8 11. a3 Qd8 12. e4 dxe4 13. Nxe4 Nf8 14. Nxf6+ gxf6 15. Bh6 Ng6 16. h4 Bg4 17. Nd2 Bc7 18. Nb3 Qd6 19. g3 Nxh4 20. Bf4 Nf3+ 21. Kg2 Qd5 22. Bxh7+ Kg7 23. Be4 Rxe4 24. Bxc7 Ne1+ 0-1

[Event "Alberta-ch U20 op"]
[Site "Calgary CAN"]
[Date "2013.11.10"]
[Round "5.3"]
[White "Li, Zeling"]
[Black "Zhao, Ian"]
[Result "0-1"]
[WhiteElo "1220"]
[BlackElo "1294"]
[PlyCount "94"]
[GameId "2160767909216589"]
[EventDate "2013.11.09"]
[EventType "swiss"]
[EventRounds "5"]
[EventCountry "CAN"]
[SourceTitle "EXT 2022"]
[Source "ChessBase"]
[SourceDate "2021.10.06"]
[SourceVersion "1"]
[SourceVersionDate "2021.10.06"]
[SourceQuality "1"]

1. e4 e5 2. Nf3 Nc6 3. Nc3 Nf6 4. Bc4 Nxe4 5. Bxf7+ Kxf7 6. Nxe4 Be7 7. O-O Rf8 8. d3 Kg8 9. c3 d5 10. Ng3 Bg4 11. h3 Bxf3 12. gxf3 Qd7 13. Kg2 Rf6 14. Kh2 Raf8 15. f4 exf4 16. Nh5 R6f7 17. Rg1 Bd6 18. Qf3 Qf5 19. Bd2 Ne5 20. Rxg7+ Rxg7 21. Qxd5+ Qf7 22. Qxf7+ Rfxf7 23. Nxg7 Rxg7 24. Bxf4 Nf3+ 25. Kh1 Bxf4 26. d4 Kf7 27. h4 Rg4 28. b3 Kg6 29. d5 Kh5 30. d6 Bxd6 31. Rd1 Be5 32. c4 Kxh4 33. b4 Bh2 34. c5 Rg1+ 35. Rxg1 Bxg1 36. Kg2 Kg4 37. a3 b6 38. cxb6 cxb6 39. a4 h5 40. a5 bxa5 41. b5 a4 42. b6 axb6 43. Kf1 a3 44. Kg2 a2 45. Kh1 a1=Q 46. Kg2 h4 47. Kh1 Bh2+ 0-1

[Event "Alberta-ch w"]
[Site "Fort McMurray CAN"]
[Date "2013.07.07"]
[Round "4"]
[White "Kalaydina, Regina Veronicka"]
[Black "Burn, Jina"]
[Result "0-1"]
[WhiteElo "1962"]
[BlackElo "1560"]
[PlyCount "124"]
[GameId "2160767909339158"]
[EventDate "2013.07.05"]
[EventType "swiss"]
[EventRounds "5"]
[EventCountry "CAN"]

1. d4 d5 2. Nf3 Nf6 3. Bg5 Nc6 4. c3 Bf5 5. e3 Ne4 6. Nbd2 Nxg5 7. Nxg5 e6 8. Ngf3 Bd6 9. Bb5 O-O 10. h3 a6 11. Ba4 b5 12. Bc2 Bxc2 13. Qxc2 Ne7 14. g4 c5 15. h4 cxd4 16. cxd4 Rc8 17. Qd3 Qc7 18. Ke2 Qc2 19. Rab1 Qxd3+ 20. Kxd3 f6 21. h5 e5 22. Ke2 e4 23. Nh4 Rc2 24. a3 b4 25. Rhc1 Rfc8 26. Kd1 Rxc1+ 27. Rxc1 bxa3 28. bxa3 Rxc1+ 29. Kxc1 Bxa3+ 30. Kc2 a5 31. f3 exf3 32. Nhxf3 Kf7 33. Nb3 Bb4 34. Nc5 g6 35. Nd3 Nc6 36. Nf4 Ne7 37. Nd2 g5 38. Nd3 Ke6 39. Nf3 h6 40. Kb3 Nc6 41. Nc5+ Kf7 42. Kc2 Ne7 43. Kd3 Nc6 44. Kc2 Nd8 45. Nd3 Bd6 46. Kb3 Nb7 47. Ka4 Ke6 48. Kb5 Bb4 49. Kc6 Nd8+ 50. Kb5 Kd6 51. Nxb4 axb4 52. Kxb4 Nc6+ 53. Kc3 Ke6 54. Kd3 f5 55. Nh2 Ne7 56. Ke2 Ng8 57. Kf3 Nf6 58. Ke2 fxg4 59. Kf2 Kf5 60. Kg3 Nxh5+ 61. Kf2 g3+ 62. Kg2 gxh2 0-1

[Event "Alberta-ch w"]
[Site "Fort McMurray CAN"]
[Date "2013.07.07"]
[Round "5"]
[White "Arzumanyan, Armine"]
[Black "Kalaydina, Regina Veronicka"]
[Result "1-0"]
[WhiteElo "1762"]
[BlackElo "1962"]
[PlyCount "81"]
[GameId "2160767909339159"]
[EventDate "2013.07.05"]
[EventType "swiss"]
[EventRounds "5"]
[EventCountry "CAN"]

1. e4 e5 2. Nf3 Nc6 3. Bb5 a6 4. Ba4 Nf6 5. Nc3 b5 6. Bb3 h6 7. O-O Be7 8. d3 d6 9. h3 O-O 10. Be3 Na5 11. Qd2 Kh7 12. Nh2 Nxb3 13. axb3 d5 14. exd5 Nxd5 15. d4 Nxe3 16. fxe3 Bg5 17. Nxb5 exd4 18. Qd3+ Kh8 19. exd4 Bb7 20. Nc3 Bf6 21. Ne2 Re8 22. c3 Qd5 23. Nf4 Qxb3 24. Nh5 Bg5 25. Ng4 Rad8 26. Rae1 Qxb2 27. Rxe8+ Rxe8 28. Nf2 Re2 29. Qf5 Bd5 30. Qxd5 Qxc3 31. Ng4 Qc2 32. Ne5 Be3+ 33. Kh1 Rf2 34. Qa8+ Kh7 35. Qxa6 Rxg2 36. Ng4 Rg1+ 37. Rxg1 Qe4+ 38. Rg2 Qb1+ 39. Kh2 Qe4 40. Ngf6+ gxf6 41. Nxf6+ 1-0

[Event "Alberta-ch w"]
[Site "Fort McMurray CAN"]
[Date "2013.07.07"]
[Round "5"]
[White "Bodnarchuk, Oksana"]
[Black "Robitu, Carla"]
[Result "0-1"]
[WhiteElo "1290"]
[BlackElo "1341"]
[PlyCount "50"]
[GameId "2160767909339160"]
[EventDate "2013.07.05"]
[EventType "swiss"]
[EventRounds "5"]
[EventCountry "CAN"]

1. e4 e5 2. Nf3 Nc6 3. c3 d6 4. d4 Bg4 5. Bg5 Be7 6. Qd3 Bxg5 7. Nxg5 Qxg5 8. d5 Nce7 9. Qb5+ Bd7 10. Qxb7 Rc8 11. Nd2 a5 12. Nf3 Qg6 13. Bd3 Qxg2 14. Ke2 Bg4 15. Rhg1 Qxf3+ 16. Kd2 Qxf2+ 17. Be2 Qxe2+ 18. Kc1 Nf6 19. Re1 Qxe1+ 20. Kc2 Qxa1 21. Kb3 O-O 22. Qb5 Rb8 23. Ka4 Rxb5 24. Kxb5 Qxb2+ 25. Ka6 Ra8# 0-1

[Event "Annex CC Backyard Barbecue"]
[Site "Toronto CAN"]
[Date "2013.06.17"]
[Round "4"]
[White "Udrea, Chris"]
[Black "Cohen, David"]
[Result "0-1"]
[WhiteElo "1964"]
[BlackElo "1845"]
[PlyCount "132"]
[GameId "2160767740551355"]
[EventDate "2013.06.17"]
[EventType "swiss"]
[EventRounds "4"]
[EventCountry "CAN"]
[TimeControl "5400+30"]

1. d4 Nf6 2. c4 g6 3. Nf3 Bg7 4. Nc3 O-O 5. g3 d6 6. Bg2 Bg4 7. Qb3 Qc8 8. Ng5 c6 9. O-O h6 10. Nge4 Nxe4 11. Nxe4 Bxe2 12. Re1 Bg4 13. Be3 Na6 14. Rac1 Kh7 15. f3 Bd7 16. a3 Rb8 17. Qd3 Nc7 18. h4 Bh3 19. Bh1 Bf5 20. g4 Bxg4 21. fxg4 Qxg4+ 22. Bg2 f5 23. Nf2 Qxh4 24. Nh3 e5 25. Bf2 Qf6 26. dxe5 dxe5 27. Bxa7 Rbd8 28. Qb3 e4 29. Qxb7 Rf7 30. Rcd1 Nb5 31. Qb6 Rxd1 32. Rxd1 Nxa7 33. b4 Qc3 34. Qd8 Qxc4 35. Nf4 Nb5 36. Bf1 Qb3 37. Bxb5 cxb5 38. Qd5 Qxd5 39. Rxd5 Bb2 40. Rxb5 Bxa3 41. Rb8 Bb2 42. Nd5 Bd4+ 43. Kf1 Rd7 44. Rb5 Kg7 45. Ke2 g5 46. Ne3 Bxe3 47. Kxe3 Rd3+ 48. Ke2 Kg6 49. Re5 Rb3 50. b5 g4 51. Kf2 Kg5 52. Rc5 h5 53. Rc2 Rxb5 54. Ra2 h4 55. Kg2 h3+ 56. Kh2 Kh4 57. Ra1 g3+ 58. Kh1 Rb4 59. Rf1 Kg4 60. Rc1 f4 61. Rg1 e3 62. Rc1 Rd4 63. Rg1 e2 64. Rg2 hxg2+ 65. Kxg2 f3+ 66. Kg1 e1=R# 0-1

[Event "Annex CC Ghosts and Goblins"]
[Site "Toronto CAN"]
[Date "2013.10.07"]
[Round "1"]
[White "Siddeley, Hugh"]
[Black "Yu, Jonathan"]
[Result "1-0"]
[WhiteElo "1941"]
[BlackElo "2214"]
[PlyCount "83"]
[GameId "2160767909225071"]
[EventDate "2013.10.14"]
[EventType "swiss"]
[EventRounds "5"]
[EventCountry "CAN"]

1. e4 e6 2. d4 d5 3. Nc3 Nf6 4. e5 Nfd7 5. Nce2 c5 6. f4 Nc6 7. Nf3 Qb6 8. c3 Be7 9. a3 a5 10. b3 O-O 11. h4 f6 12. Bb2 c4 13. b4 fxe5 14. fxe5 axb4 15. axb4 Nxb4 16. cxb4 Bxb4+ 17. Bc3 Bxc3+ 18. Nxc3 Rxa1 19. Qxa1 Rxf3 20. gxf3 Qxd4 21. Qc1 Nxe5 22. Be2 Bd7 23. Qd2 Nd3+ 24. Bxd3 cxd3 25. Ne2 Qc4 26. Nf4 e5 27. Nxd3 Qd4 28. Nf2 Qa1+ 29. Nd1 d4 30. O-O Qa3 31. Qb2 Qc5 32. Qxb7 Bc6 33. Qb8+ Kf7 34. Qc7+ Kf8 35. Nf2 h6 36. Rb1 Kg8 37. Qc8+ Kh7 38. Qf5+ g6 39. Qf7+ Kh8 40. Rb8+ Be8 41. Rxe8+ Qf8 42. Rxf8# 1-0

[Event "Annex CC Ghosts and Goblins"]
[Site "Toronto CAN"]
[Date "2013.10.07"]
[Round "1"]
[White "Wilker, Marcus"]
[Black "Zhu, Harmony"]
[Result "0-1"]
[WhiteElo "1636"]
[BlackElo "1752"]
[PlyCount "58"]
[GameId "2160767909225072"]
[EventDate "2013.10.14"]
[EventType "swiss"]
[EventRounds "5"]
[EventCountry "CAN"]

1. d4 d5 2. c4 c6 3. Nc3 Nf6 4. e3 Nbd7 5. Nf3 e6 6. Qc2 dxc4 7. Bxc4 b5 8. Bd3 a6 9. O-O c5 10. b3 Bb7 11. Qe2 Bd6 12. e4 cxd4 13. Nxd4 Qc7 14. Bb2 Bxh2+ 15. Kh1 Bd6 16. Rac1 Qb6 17. Rfd1 O-O 18. Bb1 Rac8 19. Rd3 Bf4 20. Rcd1 Ne5 21. Rh3 Rfd8 22. g3 Bh6 23. Nf3 Nxf3 24. Rxd8+ Rxd8 25. Qxf3 Rd2 26. Nd5 exd5 27. Qc3 Qxf2 28. Qxd2 Qf1+ 29. Kh2 Ng4# 0-1

[Event "Annex CC Ghosts and Goblins"]
[Site "Toronto CAN"]
[Date "2013.10.28"]
[Round "3"]
[White "Stefanovic, Miroslav"]
[Black "Shah, Omar"]
[Result "1/2-1/2"]
[WhiteElo "1845"]
[BlackElo "1949"]
[PlyCount "146"]
[GameId "2160767909225073"]
[EventDate "2013.10.14"]
[EventType "swiss"]
[EventRounds "5"]
[EventCountry "CAN"]
[SourceTitle "hb 2019"]

1. d4 Nf6 2. c4 c5 3. Nf3 cxd4 4. Nxd4 a6 5. Nc3 e6 6. g3 Qc7 7. Qa4 b5 8. cxb5 Bb7 9. e4 Nxe4 10. Nxe4 Bxe4 11. Nxe6 Qe5 12. Nc7+ Kd8 13. Bf4 Qxb2 14. Qxe4 Bb4+ 15. Kd1 Qxa1+ 16. Ke2 Qe1+ 17. Kf3 Qxe4+ 18. Kxe4 Ra7 19. Nd5 axb5 20. Bxb8 Rb7 21. Nxb4 Rxb8 22. Bd3 h6 23. Rc1 Re8+ 24. Kd4 Re6 25. Rc5 Reb6 26. Rf5 f6 27. Rd5 d6 28. Ke4 Ke8 29. h4 Kf7 30. h5 Re8+ 31. Kd4 Reb8 32. g4 R8b7 33. f3 Rb8 34. Kc3 Rc8+ 35. Kb3 Rcb8 36. Nc2 Ke6 37. Be4 Kd7 38. Nd4 b4 39. Nf5 Ra6 40. Nxg7 Ra3+ 41. Kb2 Rba8 42. Bb1 Rxf3 43. Nf5 Re8 44. Rxd6+ Kc7 45. Rd2 Rh8 46. Nd4 Rg3 47. Bf5 Kb6 48. Rc2 Rf8 49. Rc6+ Ka7 50. Ne6 Rg8 51. Rc7+ Kb6 52. Rc4 Kb5 53. Rc2 R8xg4 54. Bxg4 Rxg4 55. Nc7+ Ka4 56. Nd5 f5 57. Rf2 Rg5 58. Nf6 Kb5 59. Rf3 Ka4 60. a3 Rg2+ 61. Kb1 b3 62. Rxf5 Kxa3 63. Rf1 Rh2 64. Ne4 Rxh5 65. Nf2 Rf5 66. Ka1 h5 67. Kb1 h4 68. Kc1 h3 69. Kd2 Ka2 70. Ke2 b2 71. Rh1 h2 72. Nd1 Re5+ 73. Kf2 Rf5+ 1/2-1/2

[Event "Annex CC Peaches and Cream U1500"]
[Site "Toronto CAN"]
[Date "2013.09.23"]
[Round "4"]
[White "Cvetkovic, Milan"]
[Black "Marling, Miriam"]
[Result "1/2-1/2"]
[WhiteElo "1397"]
[BlackElo "1247"]
[PlyCount "130"]
[GameId "2160767909229754"]
[EventDate "2013.08.26"]
[EventType "swiss"]
[EventRounds "5"]
[EventCountry "CAN"]

1. e4 e6 2. d4 d5 3. Nc3 c5 4. Nf3 Nf6 5. e5 Nfd7 6. Be3 Qb6 7. Na4 Qa5+ 8. c3 cxd4 9. b4 Qd8 10. Bxd4 Nc6 11. a3 Be7 12. Be2 O-O 13. Nc5 Nxd4 14. cxd4 a5 15. O-O Nxc5 16. bxc5 b6 17. cxb6 Qxb6 18. Rb1 Qa7 19. Qc2 Bxa3 20. Qa4 Bb4 21. Ra1 Ba6 22. Bb5 Rab8 23. Bxa6 Qxa6 24. Rfb1 Bc3 25. Rxb8 Rxb8 26. Rc1 h6 27. h3 Bb4 28. Qd7 Qb5 29. Rc8+ Rxc8 30. Qxb5 g5 31. Kf1 Rc4 32. Ke2 Rc2+ 33. Kd1 Rxf2 34. Qe8+ Kg7 35. Qd8 Rxg2 36. Qf6+ Kg8 37. Qxh6 Be7 38. h4 gxh4 39. Nxh4 Bg5 40. Qh5 Rg3 41. Nf3 Be7 42. Nd2 a4 43. Kc1 Bb4 44. Qh2 Rc3+ 45. Kb2 a3+ 46. Kb1 a2+ 47. Kxa2 Rc2+ 48. Kb3 Rxd2 49. Qg1+ Kf8 50. Kxb4 Rc2 51. Kb5 Rc4 52. Qa1 Kg7 53. Qg1+ Kf8 54. Qe3 Kg7 55. Qg3+ Kf8 56. Qd3 Kg7 57. Qxc4 dxc4 58. Kxc4 f5 59. exf6+ Kxf6 60. Kc5 Kf5 61. Kb4 Ke4 62. Kc4 Kf5 63. Kd3 Kf4 64. Kc3 Ke4 65. Kc4 Kf5 1/2-1/2

[Event "Annex CC Polar Bear"]
[Site "Toronto CAN"]
[Date "2013.02.04"]
[Round "5"]
[White "Cohen, David"]
[Black "Oganesyan, Hayk"]
[Result "0-1"]
[WhiteElo "1675"]
[BlackElo "1825"]
[PlyCount "50"]
[GameId "2160767740551362"]
[EventDate "2013.01.07"]
[EventType "swiss"]
[EventRounds "5"]
[EventCountry "CAN"]
[TimeControl "5400+30"]

1. d4 Nf6 2. c4 g6 3. Nc3 Bg7 4. e4 d6 5. h3 O-O 6. Be3 e5 7. d5 Na6 8. Bd3 Nc5 9. Nge2 a5 10. Qc2 Nh5 11. g4 Nf4 12. Nxf4 exf4 13. Bd2 a4 14. O-O-O Bd7 15. Bxf4 a3 16. b3 Qf6 17. Ne2 Nxd3+ 18. Rxd3 b5 19. Qc3 Qe7 20. Qd2 bxc4 21. Re3 cxb3 22. Rxb3 Qxe4 23. f3 Qc4+ 24. Kb1 Rfb8 25. Nc1 Ba4 0-1

[Event "Annex CC Scarf Weather"]
[Site "Toronto CAN"]
[Date "2013.11.25"]
[Round "1"]
[White "Wilker, Marcus"]
[Black "Prittie, Ian"]
[Result "1-0"]
[WhiteElo "1572"]
[BlackElo "1444"]
[PlyCount "63"]
[GameId "2160767909208226"]
[EventDate "2013.11.18"]
[EventType "swiss"]
[EventRounds "5"]
[EventCountry "CAN"]

1. d4 Nf6 2. c4 e6 3. Nf3 Bb4+ 4. Bd2 Qe7 5. g3 b6 6. Bg2 Bb7 7. O-O Bxd2 8. Nbxd2 O-O 9. Re1 d5 10. cxd5 exd5 11. Qb3 Nbd7 12. Nh4 g6 13. Bf3 c5 14. dxc5 Nxc5 15. Qa3 Rfe8 16. Ng2 Nce4 17. Qxe7 Rxe7 18. Nb3 Rc8 19. Ne3 a5 20. Red1 Kg7 21. Nd4 Rec7 22. h4 Re7 23. g4 Rec7 24. g5 Nd7 25. Bxe4 dxe4 26. Nb5 Rc5 27. Rxd7 Rxb5 28. Rxb7 Rxb2 29. Nd5 Rxe2 30. Nf4 Rd2 31. Rb1 Rcc2 32. Ne6+ 1-0

[Event "Annex CC Scarf Weather"]
[Site "Toronto CAN"]
[Date "2013.12.02"]
[Round "3"]
[White "Evans, Bill"]
[Black "Shah, Omar"]
[Result "1-0"]
[WhiteElo "2040"]
[BlackElo "1941"]
[PlyCount "41"]
[GameId "2160767909208227"]
[EventDate "2013.11.18"]
[EventType "swiss"]
[EventRounds "5"]
[EventCountry "CAN"]

1. d4 Nf6 2. Nf3 e6 3. g3 b6 4. Bg2 Bb7 5. O-O c5 6. c4 cxd4 7. Nxd4 Bxg2 8. Kxg2 a6 9. Nc3 Be7 10. e4 d6 11. Be3 O-O 12. Rc1 Qc7 13. f3 Nc6 14. Nd5 exd5 15. cxd5 Qb7 16. Rxc6 g6 17. Qc2 Rfc8 18. Rc1 Rxc6 19. Qxc6 Rb8 20. Bf4 Ne8 21. Qxb7 1-0

[Event "Annex CC Scarf Weather"]
[Site "Toronto CAN"]
[Date "2013.12.02"]
[Round "3"]
[White "Lamprea, Sebastian"]
[Black "Sobrepere, Josep"]
[Result "0-1"]
[WhiteElo "1729"]
[BlackElo "1620"]
[PlyCount "154"]
[GameId "2160767909208228"]
[EventDate "2013.11.18"]
[EventType "swiss"]
[EventRounds "5"]
[EventCountry "CAN"]

1. Nf3 d5 2. g3 c5 3. d4 cxd4 4. Bg2 Nc6 5. Nxd4 e5 6. Nb3 Nf6 7. O-O Be7 8. Bg5 Bf5 9. c3 e4 10. Nd4 Bg6 11. Qa4 Qa5 12. Qb3 Nxd4 13. cxd4 Qb4 14. Qxb4 Bxb4 15. Bxf6 gxf6 16. a3 Ba5 17. Rc1 Bb6 18. e3 a6 19. Nc3 Rd8 20. Na4 Ba7 21. Rc7 Rb8 22. Rac1 O-O 23. R1c3 Bf5 24. Rb3 b5 25. Nc3 Bb6 26. Rc6 Be6 27. a4 Ba5 28. axb5 axb5 29. Bf1 b4 30. Nb1 Bd7 31. Rc5 Ba4 32. Nd2 Bb6 33. Rxb4 Bxc5 34. Rxa4 Bb4 35. Nb3 Rfc8 36. Ra6 Kg7 37. Ra1 Rc2 38. Rb1 Kg6 39. Nc1 Bd2 40. Ne2 Rbxb2 41. Ra1 Ra2 42. Rb1 Rcb2 43. Nf4+ Kg7 44. Rd1 Ba5 45. Ne2 Rxe2 46. Bxe2 Rxe2 47. Kf1 Rb2 48. Ra1 Rb5 49. Ra2 Kg6 50. Kg2 h5 51. Kh3 f5 52. Kh4 Bd8+ 53. Kh3 Ra5 54. Rc2 Be7 55. Rc6+ Kg7 56. Rc2 Ra3 57. Rb2 Ra5 58. Rb7 Ba3 59. Kh4 Kg6 60. Rb6+ f6 61. Rb8 Bc1 62. Rg8+ Kf7 63. Rc8 Bd2 64. Kxh5 Be1 65. Rc7+ Ke6 66. Rc2 Ra3 67. Rb2 Rc3 68. Kg6 Rc6 69. h4 Bc3 70. Rb8 Ba1 71. h5 Rc2 72. Rb6+ Ke7 73. Rxf6 Rxf2 74. g4 f4 75. h6 fxe3 76. Rxf2 exf2 77. h7 Bxd4 0-1

[Event "Annex CC Scarf Weather"]
[Site "Toronto CAN"]
[Date "2013.12.02"]
[Round "3"]
[White "Peev, Pavel"]
[Black "Southam, David"]
[Result "1/2-1/2"]
[WhiteElo "2144"]
[BlackElo "2223"]
[PlyCount "40"]
[GameId "2160767909216422"]
[EventDate "2013.11.18"]
[EventType "swiss"]
[EventRounds "5"]
[EventCountry "CAN"]

1. e4 e6 2. d4 d5 3. Nd2 Be7 4. Bd3 c5 5. dxc5 Nf6 6. Qe2 O-O 7. Ngf3 a5 8. O-O Na6 9. exd5 exd5 10. Nb3 Nxc5 11. Nxc5 Bxc5 12. c4 Bg4 13. h3 Re8 14. Qd1 dxc4 15. Bxc4 Qxd1 16. Rxd1 Bxf3 17. gxf3 Re5 18. Kg2 Rc8 19. b3 b6 20. a4 h6 1/2-1/2

[Event "Annex CC Scarf Weather"]
[Site "Toronto CAN"]
[Date "2013.12.09"]
[Round "4"]
[White "Sobrepere, Josep"]
[Black "Zhu, Harmony"]
[Result "1-0"]
[WhiteElo "1620"]
[BlackElo "1703"]
[PlyCount "85"]
[GameId "2160767909216423"]
[EventDate "2013.11.18"]
[EventType "swiss"]
[EventRounds "5"]
[EventCountry "CAN"]

1. Nf3 d5 2. d4 Nf6 3. c4 c6 4. Qc2 e6 5. Nc3 Nbd7 6. g3 dxc4 7. Bg2 Bb4 8. O-O O-O 9. Rd1 b5 10. Ne5 Bxc3 11. bxc3 Bb7 12. Nxc6 Qb6 13. Ne7+ Kh8 14. d5 exd5 15. Nxd5 Nxd5 16. Bxd5 Bxd5 17. Rxd5 Nf6 18. Be3 Qb7 19. Rf5 Rad8 20. Bd4 Nd5 21. Rh5 f5 22. Rxf5 Rxf5 23. Qxf5 b4 24. Rb1 b3 25. axb3 cxb3 26. Qe5 Rg8 27. Qe4 Qb5 28. c4 Qb7 29. Qxd5 Rb8 30. Qxb7 Rxb7 31. Bxa7 Rxa7 32. Rxb3 Kg8 33. Rc3 Rc7 34. f4 Kf7 35. Kf2 Ke6 36. e4 Kd6 37. Ke3 Kc5 38. e5 Kb4 39. Rc1 g6 40. c5 Rxc5 41. Rxc5 Kxc5 42. Ke4 Kc6 43. g4 1-0